000 00649nam a2200205 i 4500
001 91179
003 ES-MaACL
005 20250718063319.0
007 t|
008 050127s1913 fr ||||1| fre d
100 1 _aLeroy-Beaulieu, Paul,
_d1843-1916
_971810
245 1 3 _aLa question de la population /
_cpar Paul Leroy-Beaulieu.
260 _a[Paris]. :
_bF. Alcan,
_c1913 (
_eEvreux :
_fCh. Hérissey)
300 _aIX, 512 p. ;
_c18 cm.
490 1 _aNouvelle collection scientifique
650 _aPoblación.
_916139
830 0 _aNouvelle collection scientifique
_9183891
852 _aES-MaACL
_jD-1836
999 _c91179
_d91179